000 00334 a2200145 4500
001 168657
020 _a
040 _cMagnum
100 _aSantos, Boaventura de Souza
240 1 0 _aIntroducao a uma ciencia pos moderna
_lpor
245 1 0 _aIntroducao a uma ciencia pos moderna
362 0 _a1899
697 _aGERAL
942 _cBK
999 _c168657
_d168657